Catálogo

Vista normal Vista MARC

Entrada Personal Name

Número de registros utilizados en: 1

001 - CONTROL NUMBER

  • control field: 12085

003 - CONTROL NUMBER IDENTIFIER

  • control field: DLC

005 - DATE AND TIME OF LATEST TRANSACTION

  • control field: 20220211131505.0

008 - FIXED-LENGTH DATA ELEMENTS

  • fixed length control field: 020104n| acannaabn |a aaa c

010 ## - LIBRARY OF CONGRESS CONTROL NUMBER

  • LC control number: nr2002000499

040 ## - CATALOGING SOURCE

  • Original cataloging agency: DNGA
  • Language of cataloging: spa
  • Transcribing agency: Mx-PuUPA
  • Modifying agency: Mx-PuUPA
  • Description conventions: rda

046 ## - SPECIAL CODED DATES

  • Birth date: 19070128
  • Death date: 19981215

100 1# - HEADING--PERSONAL NAME

  • Personal name: Gómez-Moreno, María Elena,
  • Dates associated with a name: 1907-1998

370 ## - ASSOCIATED PLACE

  • Place of birth: Madrid

372 ## - FIELD OF ACTIVITY

  • Field of activity: Historia del arte

374 ## - OCCUPATION

  • Occupation: Historiador del arte
  • Occupation: Autor

375 ## - GENDER

  • Gender: mujer

377 ## - ASSOCIATED LANGUAGE

  • Language code: spa

400 1# - SEE FROM TRACING--PERSONAL NAME

  • Personal name: Moreno, María Elena Gómez-
  • Dates associated with a name: 1907-1998

670 ## - SOURCE DATA FOUND

  • Source citation: Bartolomé Ordóñez, 1956:
  • Information found: t.p. (María Elena Gómez-Moreno)

670 ## - SOURCE DATA FOUND

  • Source citation: LC in RLIN, Jan. 8, 2002
  • Information found: (hdg.: Gómez-Moreno, María Elena; usage: María Elena Gómez-Moreno)